000 01107njm a2200313Ia 4500
001 26676
003 IT-RoPAU
005 20220918181111.0
008 131025s9999 xx 000 0 und d
040 _aIT-RoPAU
040 _cIT-RoPAU
041 _aITAL/TED
999 _c98955
_d98955
999 _bSI
100 _aBach Johann Sebastian
_916232
100 _eAutore musica
_916233
100 _gCodice autore musica SPICS: 9695
_916234
245 _aCantate sacre di J.S. Bach (Le) 47
250 _a1a ed.
260 _aROMA
260 _bSPICS RECORDS
_c1984 [1a Ed.:1984 - Ed. Lingua Orig.: 1984]
300 _aMUSICASSETTA
300 _c90 minuti (Testo: pag.)
500 _aMusica sacra. Cantata.
505 _aCantata BWV 095 Christus, Der Ist Mein Leben - Cantata BWV 027 Wer Weiss, Wie Nahe Mir Mein Ende - Cantata BWV 008 Liebster Gott, Wenn Werd Ich Sterben?
650 _aMUSICA SACRA [CASSETTE]
_eCodice MATERIA SPICS: 9951
_916235
700 _aBasso Alberto
_eInterprete
_gCodice interprete SPICS: 9484
_916236
700 _aBasso Alberto
_gCodice autore SPICS: 9484
_eAutore
_916237
942 _cMC
_2ddc